I'm allergic to bees / (Record no. 322743)
[ view plain ]
| 000 -LEADER | |
|---|---|
| fixed length control field | 01684cam a22004457i 4500 |
| 001 - CONTROL NUMBER | |
| control field | 18376772 |
| 005 - DATE AND TIME OF LATEST TRANSACTION | |
| control field | 20200320222515.0 |
| 008 - FIXED-LENGTH DATA ELEMENTS--GENERAL INFORMATION | |
| fixed length control field | 141118s2015 nyua j b 001 0 eng d |
| 010 ## - LIBRARY OF CONGRESS CONTROL NUMBER | |
| LC control number | 2012474749 |
| 020 ## - INTERNATIONAL STANDARD BOOK NUMBER | |
| International Standard Book Number | 9781482407877 (lib. binding) |
| 020 ## - INTERNATIONAL STANDARD BOOK NUMBER | |
| International Standard Book Number | 1482407876 (lib. binding) |
| 020 ## - INTERNATIONAL STANDARD BOOK NUMBER | |
| International Standard Book Number | 9781482407884 (pbk.) |
| 020 ## - INTERNATIONAL STANDARD BOOK NUMBER | |
| International Standard Book Number | 1482407884 (pbk.) |
| 035 ## - SYSTEM CONTROL NUMBER | |
| System control number | (OCoLC)ocn884294838 |
| 040 ## - CATALOGING SOURCE | |
| Original cataloging agency | SINLB |
| Language of cataloging | eng |
| Transcribing agency | SINLB |
| Description conventions | rda |
| Modifying agency | QBX |
| -- | JP3 |
| -- | DLC |
| 042 ## - AUTHENTICATION CODE | |
| Authentication code | lccopycat |
| 050 00 - LIBRARY OF CONGRESS CALL NUMBER | |
| Classification number | RC596 |
| Item number | .N448 2015 |
| 082 00 - DEWEY DECIMAL CLASSIFICATION NUMBER | |
| Classification number | 618.92/97 |
| Edition number | 23 |
| 100 1# - MAIN ENTRY--PERSONAL NAME | |
| Personal name | Rajczak Nelson, Kristen, |
| Relator term | author. |
| 9 (RLIN) | 6014890 |
| 245 10 - TITLE STATEMENT | |
| Title | I'm allergic to bees / |
| Statement of responsibility, etc | by Kristen Rajczak. |
| 264 #1 - Production, Publication, Distribution, Manufacture, and Copyright Notice. | |
| Place of production, publication, distribution, manufacture | New York : |
| Name of producer, publisher, distributor, manufacturer | Gareth Stevens Publishing, |
| Date of production, publication, distribution, manufacture, or copyr | 2015. |
| 300 ## - PHYSICAL DESCRIPTION | |
| Extent | 24 pages : |
| Other physical details | color illustrations ; |
| Dimensions | 19 cm. |
| 336 ## - Content Type | |
| Content type term | text |
| 337 ## - Media type | |
| Media type term | unmediated |
| 338 ## - Carrier type | |
| Carrier type term | volume |
| 490 1# - SERIES STATEMENT | |
| Series statement | GS leveled reader. Science |
| 490 1# - SERIES STATEMENT | |
| Series statement | I'm allergic |
| 504 ## - BIBLIOGRAPHY, ETC. NOTE | |
| Bibliography, etc | Includes bibliographical references (page 23) and index. |
| 650 #0 - SUBJECT ADDED ENTRY--TOPICAL TERM | |
| Topical term or geographic name as entry element | Allergy in children |
| Form subdivision | Juvenile literature. |
| 9 (RLIN) | 6014892 |
| 650 #0 - SUBJECT ADDED ENTRY--TOPICAL TERM | |
| Topical term or geographic name as entry element | Allergy |
| Form subdivision | Juvenile literature. |
| 9 (RLIN) | 5700565 |
| 650 #0 - SUBJECT ADDED ENTRY--TOPICAL TERM | |
| Topical term or geographic name as entry element | Bees |
| Form subdivision | Juvenile literature. |
| 9 (RLIN) | 5693181 |
| 830 #0 - SERIES ADDED ENTRY--UNIFORM TITLE | |
| Uniform title | GS leveled reader. |
| Name of part/section of a work | Science. |
| 9 (RLIN) | 6014893 |
| 830 #0 - SERIES ADDED ENTRY--UNIFORM TITLE | |
| Uniform title | I'm allergic. |
| 9 (RLIN) | 6014894 |
| 906 ## - LOCAL DATA ELEMENT F, LDF (RLIN) | |
| a | 7 |
| b | cbc |
| c | copycat |
| d | 2 |
| e | ncip |
| f | 20 |
| g | y-gencatlg |
| 925 0# - | |
| -- | acquire |
| -- | 1 shelf copies |
| -- | policy default |
| 942 ## - ADDED ENTRY ELEMENTS (KOHA) | |
| Koha item type | BOOK |
| 948 ## - LOCAL PROCESSING INFORMATION (OCLC); SERIES PART DESIGNATOR (RLIN) | |
| Series part designator, SPT (RLIN) | 11/25/2019 |
| z (OCLC) | Sirsi |
| 955 ## - COPY-LEVEL INFORMATION (RLIN) | |
| -- | xl05 2015-05-04 (telework) |
| 996 ## - | |
| -- | 172256 |
| -- | 34301001659137 |
| -- | EL |
| -- | bk |
| -- | wcl |
| -- | i |
| -- | 0 |
| -- | 22.60 |
| -- | Baker & Taylor |
| -- | Raj |
| -- | 11/25/2019 |
| -- | 11/26/2019 |
| Withdrawn status | Lost status | Source of classification or shelving scheme | Damaged status | Not for loan | Collection code | Home library | Current library | Shelving location | Date acquired | Cost, normal purchase price | Total Checkouts | Total Renewals | Full call number | Barcode | Date last seen | Date checked out | Cost, replacement price | Price effective from | Koha item type |
|---|---|---|---|---|---|---|---|---|---|---|---|---|---|---|---|---|---|---|---|
| Dewey Decimal Classification | Children NonFiction | Wasatch County Library | Wasatch County Library | Main Floor Childrens Area | 11/25/2019 | 22.60 | 3 | 1 | E Mind/Body Health Rajczak | 34301001659137 | 03/18/2025 | 07/26/2021 | 22.60 | 03/20/2020 | BOOK |
